000
00313nam a22001217a 4500
008
230703b xxu||||| |||| 00| 0 eng d
082
_a
342 16
_b
IPU 2004
245
_a
Constitutional and Parliamentary Information
260
_b
Inter-Parliamentary Union
_c
2004
300
_a
66p
440
_n
187
942
_2
ddc
_c
BK
999
_c
3486
_d
3486